000 00264nam a2200109Ia 4500
008 231212s2003 xx 000 0 und d
041 _aeng
082 _a623.381
100 _aGavhane K.A.
245 _aChemical Reaction Engineering
260 _aPune
_bNirali
_c2003
999 _c965720
_d965720